Concrete (Record no. 5204)

MARC details
000 -LEADER
fixed length control field 00504nam a2200181Ia 4500
003 - CONTROL NUMBER IDENTIFIER
control field SGT
020 ## - INTERNATIONAL STANDARD BOOK NUMBER
International Standard Book Number 9780070636064
082 ## - DEWEY DECIMAL CLASSIFICATION NUMBER
Classification number 620.136
Item number MEH
100 ## - MAIN ENTRY--PERSONAL NAME
Personal name Mehta,P Kumar
245 ## - TITLE STATEMENT
Title Concrete
250 ## - EDITION STATEMENT
Edition statement 3rd Ed.
260 ## - PUBLICATION, DISTRIBUTION, ETC. (IMPRINT)
Name of publisher, distributor, etc Tata McGraw Hill Education Private Limited
Place of publication, distribution, etc New Delhi
Year of Publication 2006
300 ## - PAGE DESCRIPTION
No. of Pages 659p.
650 ## - SUBJECT ADDED ENTRY--TOPICAL TERM
Topical term or geographic name as entry element CIVIL ENGINEERING
653 ## - KEYWORDS--INDEX TERM
Keyword term MICROSTRUCTURE AND PROPERTIES OF HARDENED CONCRETE STRENGTH ,DIMENSIONAL STABILITY
700 ## - ADDED ENTRY--PERSONAL NAME
Personal name Monteiro,Paulo J.M
942 ## - ADDED ENTRY ELEMENTS (KOHA)
Source of classification or shelving scheme Dewey Decimal Classification
Koha item type Books
942 ## - ADDED ENTRY ELEMENTS (KOHA)
-- 4
Holdings
Withdrawn status Lost status Source of classification or shelving scheme Damaged status Not for loan Home library Current library Date acquired SGTU Total Checkouts Full call number Accession No. (Barcode) Date last seen Bill Date Koha item type Date last borrowed
    Dewey Decimal Classification     SGT Engineering Library SGT Engineering Library 26/04/2011 SGTU   620.136 MEH FE3249 09/02/2015 09/02/2015 Books  
    Dewey Decimal Classification     SGT Engineering Library SGT Engineering Library 26/04/2011 SGTU 7 620.136 MEH FE3250 19/04/2025 09/02/2015 Books 19/04/2025